Statistics for Eurovision Song Contest: Rarest Participants

Click here to take the quiz!

General Stats

  • This quiz has been taken 1,414 times
  • The average score is 9 of 13

Answer Stats

No of timesCountry% Correct
1Morocco
91%
6Andorra
83%
5San Marino
78%
Serbia
78%
Montenegro
74%
7Azerbaijan
73%
8Armenia
72%
Slovakia
71%
Georgia
69%
3Czech Republic
58%
10Moldova
57%
9Bulgaria
52%
2Serbia and Montenegro
45%

Score Distribution

Percentile by Number Answered

Percent of People with Each Score

Your Score History

You have not taken this quiz